000 00167nam a22000857a 4500
082 _a823
100 _aEMILY RODA
245 _aDELTOLA QUEST MAZE OF THE BEAST
942 _cBK
999 _c8292
_d8292